<?xml version="1.0" encoding="UTF-8"?>
<record
    xmlns:xsi="http://www.w3.org/2001/XMLSchema-instance"
    xsi:schemaLocation="http://www.loc.gov/MARC21/slim http://www.loc.gov/standards/marcxml/schema/MARC21slim.xsd"
    xmlns="http://www.loc.gov/MARC21/slim">

  <leader>00354    a2200121   4500</leader>
  <controlfield tag="001">ART_6995</controlfield>
  <controlfield tag="005">20260410161659.0</controlfield>
  <controlfield tag="008">260409a                                 </controlfield>
  <datafield tag="245" ind1="1" ind2="0">
    <subfield code="a">Riesgos bancarios y racionamiento de cr&#xE9;dito</subfield>
  </datafield>
  <datafield tag="100" ind1="1" ind2=" ">
    <subfield code="a">Elosegui, Pedro</subfield>
  </datafield>
  <datafield tag="700" ind1="1" ind2=" ">
    <subfield code="a">Villamil, Anne</subfield>
  </datafield>
  <datafield tag="773" ind1="0" ind2=" ">
    <subfield code="t">Ensayos Econ&#xF3;micos</subfield>
    <subfield code="g">- N&#xBA; 49 (oct./dic. 2007)</subfield>
    <subfield code="w">REV620</subfield>
  </datafield>
  <datafield tag="999" ind1=" " ind2=" ">
    <subfield code="c">15032</subfield>
    <subfield code="d">15032</subfield>
  </datafield>
</record>
